000 01040nam a22002537a 4500
005 20240530110610.0
008 160721s2014 ua bk f | 000 0 ara d
017 _a2013/21589
_bمصر . دار الكتب المصرية
020 _a9789774115042
040 _aEG-CaGPL
082 0 4 _221
_a333.736\
_bم م
100 0 _aمحمد ابراهيم حسن
245 1 0 _aمقومات التصحر و اشكالة و الكثبان الرملية :
_bبالاراضى الجافة وشبه الجافة /
_cمحمد ابراهيم حسن ؛ اشراف على اعداده و قدم له السيد على شتا
250 _aط. 1
260 _aالقاهرة :
_bالمكتبة المصرية للنشر و التوزيع ،
_c2014 .
300 _a312 ص. :
_bايض ؛
_c24 سم .
650 0 4 _aالتصحر
650 0 4 _aاصلاح الارض
650 0 4 _aتعمير الارض
650 0 4 _aالمناطق الجافة
650 0 4 _aالزراعة
700 0 _aالسيد على شتا
_eمشرف و مقدم
942 _2ddc
_cBK
999 _c62832
_d62832